00708nam a2200181 a 450000100100000000500170001000800410002702000150006804000250008324500300010826000770013830000360021550400320025150400740028371000470035795201050040499900170050900004298820201002040543.0140214s2005 sp a 000 0 spa d a8481812447 aDO-SdBNPbspacBNPHU03aLa casa Lonja de Sevilla. aSevilla :buna casa de ricos tesoros /bArchivo General de India,c2005. a235 p. :bil., lám. ;c29 cm. aBibliografía : p. 233-235 aIncluye referencias bibliográficas y notas al pie de las páginas.2 aArchivo General de India (España)970497 001050718MOaGRbGRcCTd2014-02-14iLF1l0o p42988-10r2020-06-25w2020-06-25y1ZNo se presta c42477d42477